000 00672cam a2200253 4500
008 090401t1998 xxu||||| |||| 00| 0 eng d
020 _a1900858193
035 _a(Sirsi) u83585
041 _aeng
050 _a692.5
110 _aBuilding Maintenance Information
_93229
245 _aBMI building maintenance price book 1998.
250 _a18th ed.
260 _aLondon
_bBMI
_c1998
300 _a212p. ; 21cm.
350 _a53
650 _aBUILT ENVIRONMENT-BUILDING COSTS
650 _aLABOUR COSTS
650 _aMAINTENANCE COSTS
650 _aBUILDING PRICE BOOKS
690 _aBUILT ENVIRONMENT-BUILDING COSTS
942 _n0
948 _c06/02/1998
999 _c96909
_d96909